| 000 | 00516nam a2200169 i 4500 | ||
|---|---|---|---|
| 001 | bg | ||
| 100 | 1 | _aLENKIEWICZ, Władysław | |
| 245 | 0 |
_aKonstrukcje domów jednorodzinnych i małych budynków : _bprojektowanie i obliczanie / _cWładysław Lenkiewicz, Stefan Pyrak. |
|
| 260 |
_aWarszawa : _bArkady, _c1989. |
||
| 650 | 9 |
_aBudownictwo _xkonstrukcje _xprojekty |
|
| 700 | 1 | _aPYRAK, Stefan | |
| 040 | _cBPK | ||
| 041 | _apol | ||
| 080 | _a624:693:728.3 | ||
| 942 | _cKS | ||
| 008 | s pl f |000 0 pol | ||
| 999 |
_c3969 _d3969 |
||
| 856 |
_uhttp://koha.tu.koszalin.pl/cgi-bin/koha/opac-detail.pl?biblionumber=3969 _yKatalog online BPK |
||